La espada de madera

Salvato in:
Dettagli Bibliografici
Autore principale: Ulloa Zamora, Alfonso
Natura: Libro
Lingua:Undetermined
Pubblicazione: San José, Costa Rica Oro y Barro 1955
Soggetti:
Tags: Aggiungi Tag
Nessun Tag, puoi essere il primo ad aggiungerne!!

MARC

LEADER 00000nam a2200000Ia 4500
008 170316s9999 xx 000 0 und d
040 |a cru BVZT 
090 |a 868 U-6e 
100 |a Ulloa Zamora, Alfonso 
245 |a La espada de madera 
260 |a San José, Costa Rica 
260 |b Oro y Barro 
260 |c 1955 
300 |a 71 páginas 
650 |a LITERATURA COSTARRICENSE 
650 |a NOVELA 
999 |c 11604  |d 11604 
942 |c 15 D  |h 868 U-6e  |2 z